Sam Fender - White Privilege lyrics - Statistics

General Stats
  • This quiz has been taken 115 times
  • The average score is 209 of 268
Answer Stats
Answer % Correct
a
100%
I
98%
the
97%
and
95%
white
95%
me
94%
up
94%
hear
92%
my
92%
My
92%
so
92%
you
91%
be
89%
But
89%
but
89%
I'm
89%
not
89%
of
89%
start
89%
eat
88%
how
88%
is
88%
wanna
88%
who
88%
for
86%
fuck
86%
anybody
84%
drink
84%
each
84%
evil
84%
iPhone
84%
left
84%
right
84%
them
84%
vices
84%
cola
83%
Don't
83%
don't
83%
echo
83%
feed
83%
fucked
83%
generation
83%
gone
83%
media
83%
motor
83%
on
83%
still
83%
trivia
83%
what
83%
addictions
81%
Brexit
81%
burgers
81%
copy
81%
in
81%
oh
81%
our
81%
some
81%
exit
80%
look
80%
out
80%
privileged
80%
to
80%
whites
80%
about
78%
loop
78%
male
78%
their
78%
Their
78%
entices
77%
it
77%
both
75%
chamber
75%
fence
75%
figure
75%
old
75%
song
75%
was
75%
youth
75%
bio
73%
here
73%
public
73%
sides
73%
that
73%
They
73%
were
73%
catered
72%
every
72%
reads
72%
check
70%
completely
70%
entertaining
70%
full
70%
just
70%
regurgitated
70%
sit
70%
ancestry
69%
can
69%
difference
69%
God
69%
making
69%
proof
69%
thing
69%
thinking
69%
all
67%
Lies
67%
petitions
67%
real
67%
Signing
67%
duped
66%
fear
66%
giving
66%
know
66%
Nobody
66%
other
66%
popcorn
66%
shame
66%
they're
66%
with
66%
as
64%
back
64%
chewing
64%
joke
64%
keeps
64%
why
64%
count
63%
damn
63%
different
63%
even
63%
online
63%
opinions
63%
progression
63%
sitting
63%
talks
63%
whole
63%
bereft
61%
cause
61%
famous
61%
implodes
61%
It's
61%
nitpicking
61%
offended
61%
patriarchy
61%
Watching
61%
call
59%
entirely
59%
mansplain
59%
press
59%
sure
59%
wing
59%
Everybody's
58%
from
58%
row
58%
wrong
58%
class
56%
detail
56%
liberal
56%
things
56%
working
56%
arrogance
55%
while
55%
ammunition
53%
does
53%
light
52%
bigots
50%
dumb
50%
into
48%
buying
47%
I'll
45%
papers
44%
Smug
41%
Befall
34%
c*nts
19%
No matching quizzes found
Score Distribution
Percent of People with Each Score
Percentile by Number Answered
Your Score History
You have not taken this quiz